Loading...
| History - World History | 1 | 3 | 0 | 0 | 45 | 28 | 72.50 | 0 | 3 |
| History - Other History | 0 | 2 | 0 | 0 | 20 | 77 | 95.50 | 0 | 1 |
| Science - Other Science | 0 | 2 | 0 | 1 | 20 | 101 | 108.50 | 0 | 2 |
| History - American History | 0 | 2 | 0 | 0 | 20 | 98 | 112.00 | 1 | 2 |
| History - Ancient History | 0 | 2 | 0 | 2 | 20 | 125 | 125.50 | 1 | 2 |
| Literature - World Literature | 0 | 2 | 0 | 0 | 20 | 94 | 97.50 | 2 | 2 |
| History - European History | 0 | 2 | 1 | 1 | 15 | 85 | 91.00 | 0 | 2 |
| Beliefs | 0 | 2 | 1 | 1 | 15 | 86 | 96.50 | 1 | 2 |
| Social Science | 0 | 1 | 0 | 0 | 10 | 81 | 81.00 | 0 | 1 |
| Other Academic | 0 | 1 | 0 | 1 | 10 | 100 | 100.00 | 0 | 1 |
| Geography | 1 | 0 | 1 | 0 | 10 | 60 | 60.00 | 1 | 1 |
| Auditory Arts | 0 | 1 | 1 | 0 | 5 | 119 | 119.00 | 0 | 1 |
| Visual Arts | 0 | 0 | 0 | 0 | 0 | 0.00 | 0 | 0 |